[Event "Aimchess Play In op"]
[Site "Chess.com INT"]
[Date "2023.06.12"]
[Round "9"]
[White "Gadimbayli, Abdulla Azar"]
[Black "Darini, Pouria"]
[Result "1-0"]
[WhiteElo "2483"]
[BlackElo "2401"]
[PlyCount "65"]
[EventDate "2023.06.12"]
[EventType "swiss (rapid)"]
[EventRounds "9"]
[EventCountry "USA"]
[SourceTitle "CBM 214 Extra"]
[Source "ChessBase"]
[SourceDate "2023.07.31"]
[SourceVersion "1"]
[SourceVersionDate "2023.07.31"]
[SourceQuality "1"]

1. e4 c5 2. Nf3 Nc6 3. Bb5 e6 4. 0-0 Nge7 5. Re1 b6 6. c3 a6 7. Bf1 d5 8. exd5 Nxd5 9. d4 cxd4 10. Nxd4 Bb7 11. Nxc6 Bxc6 12. Qg4 h5 13. Qc4 Qd7 14. Nd2 Bd6 15. Ne4 Bc7 16. Bg5 f6 17. Bxf6 0-0 18. Bg5 Rf5 19. Rad1 Raf8 20. h4 Bb8 21. g3 Qc7 22. Bh3 b5 23. Qe2 Ba7 24. Rf1 Re5 25. Kh2 Nxc3 26. bxc3 Rxe4 27. Bxe6+ Rf7 28. Rd8+ Qxd8 29. Bxf7+ Kf8 30. Qxe4 Bxe4 31. Bxd8 Kxf7 32. Re1 Bd5 33. Re7+ 1-0

[Event "Aimchess Play In op"]
[Site "Chess.com INT"]
[Date "2023.06.12"]
[Round "3"]
[White "Mohammad, Nubairshah Shaikh"]
[Black "Darini, Pouria"]
[Result "0-1"]
[WhiteElo "2415"]
[BlackElo "2401"]
[PlyCount "106"]
[EventDate "2023.06.12"]
[EventType "swiss (rapid)"]
[EventRounds "9"]
[EventCountry "USA"]
[SourceTitle "CBM 214 Extra"]
[Source "ChessBase"]
[SourceDate "2023.07.31"]
[SourceVersion "1"]
[SourceVersionDate "2023.07.31"]
[SourceQuality "1"]

1. d4 Nf6 2. c4 g6 3. Nc3 d5 4. Nf3 Bg7 5. h4 c6 6. cxd5 cxd5 7. Bf4 Nc6 8. e3 Bg4 9. Qb3 Na5 10. Bb5+ Bd7 11. Qa4 Nc6 12. Ne5 a6 13. Nxc6 axb5 14. Nxd8 bxa4 15. Nxb7 Bc6 16. Nc5 Nd7 17. b4 axb3 18. Nxb3 0-0 19. Kd2 Ra3 20. h5 Rfa8 21. h6 Bf8 22. Rab1 f6 23. e4 Nb6 24. Na5 Na4 25. Rb3 Rxb3 26. axb3 Nxc3 27. Nxc6 Nxe4+ 28. Ke3 Ra3 29. Rb1 g5 30. Bh2 Nc3 31. Rc1 Rxb3 32. Kd2 Ne4+ 33. Ke1 Rc3 34. Rxc3 Nxc3 35. f3 Nb5 36. Bg1 Kf7 37. Nd8+ Ke8 38. Ne6 Bxh6 39. Kd2 Kf7 40. Nd8+ Ke8 41. Ne6 Kd7 42. Nc5+ Kc6 43. Ne6 Kd6 44. Nc5 g4+ 45. Kd3 gxf3 46. gxf3 Bf4 47. Nb7+ Kc6 48. Nc5 Nc7 49. Bf2 h5 50. Na4 Ne6 51. Nc3 Bd6 52. Bh4 Nf4+ 53. Ke3 Ng2+ 0-1

[Event "Titled Tuesday intern op 06th Jun Early"]
[Site "Chess.com INT"]
[Date "2023.06.06"]
[Round "1"]
[White "Darini, Pouria"]
[Black "Pavlidou, Ekaterini"]
[Result "1-0"]
[WhiteElo "2401"]
[BlackElo "2088"]
[PlyCount "87"]
[EventDate "2023.06.06"]
[EventType "swiss (blitz)"]
[EventRounds "11"]
[EventCountry "USA"]
[SourceTitle "EXT 2024"]
[Source "ChessBase"]
[SourceDate "2023.10.10"]
[SourceVersion "1"]
[SourceVersionDate "2023.10.10"]
[SourceQuality "1"]

1. e4 c5 2. Nf3 Nc6 3. Bb5 e6 4. Bxc6 bxc6 5. b3 d5 6. d3 Nf6 7. Qe2 Ba6 8. c4 d4 9. e5 Nd7 10. Bg5 Be7 11. Bxe7 Qxe7 12. 0-0 h6 13. Nbd2 f5 14. exf6 gxf6 15. Rae1 e5 16. Nh4 Qh7 17. Qh5+ Qf7 18. Qf3 Bb7 19. Ne4 Qe6 20. Qh5+ Kd8 21. f4 Kc7 22. fxe5 fxe5 23. Nxc5 Nxc5 24. Rxe5 Qd6 25. Rxc5 Rhf8 26. Rcf5 Rxf5 27. Nxf5 Qe5 28. Qxh6 Kb6 29. Qf4 Qxf4 30. Rxf4 Rf8 31. g4 Bc8 32. Kg2 c5 33. h4 Ka5 34. a3 Be6 35. Kf3 Bxf5 36. Rxf5 Rb8 37. Rxc5+ Ka6 38. b4 Re8 39. g5 Re3+ 40. Kf4 Rxd3 41. g6 Rd1 42. g7 Rf1+ 43. Ke4 Rg1 44. Rg5 1-0

[Event "Titled Tuesday intern op 06th Jun Early"]
[Site "Chess.com INT"]
[Date "2023.06.06"]
[Round "8"]
[White "Darini, Pouria"]
[Black "Tang, Andrew"]
[Result "0-1"]
[WhiteElo "2401"]
[BlackElo "2523"]
[PlyCount "114"]
[EventDate "2023.06.06"]
[EventType "swiss (blitz)"]
[EventRounds "11"]
[EventCountry "USA"]
[SourceTitle "EXT 2024"]
[Source "ChessBase"]
[SourceDate "2023.10.10"]
[SourceVersion "1"]
[SourceVersionDate "2023.10.10"]
[SourceQuality "1"]

1. e4 e5 2. Nf3 Nc6 3. Bb5 g6 4. 0-0 Bg7 5. d3 d6 6. a4 Nf6 7. a5 a6 8. Bc4 0-0 9. Nc3 h6 10. Re1 Kh7 11. Nd5 Nxd5 12. Bxd5 Nb4 13. Bb3 f5 14. exf5 Bxf5 15. h3 Qf6 16. Nh2 c6 17. Qe2 Nd5 18. Ng4 Qh4 19. Nh2 Bd7 20. Nf3 Qf6 21. Nh2 Nf4 22. Bxf4 Qxf4 23. Qe3 Qh4 24. Nf3 Qf6 25. Nd2 d5 26. Qb6 Rf7 27. Nf1 Raf8 28. Qe3 Qxf2+ 29. Qxf2 Rxf2 30. Nh2 R2f5 31. c3 h5 32. Re2 Bh6 33. Rae1 Bf4 34. Nf1 Kg7 35. g3 Bh6 36. Rxe5 Rxe5 37. Rxe5 Bxh3 38. Nh2 Bc1 39. Re2 Kf7 40. Bd1 Re8 41. b3 Rxe2 42. Bxe2 Be3+ 43. Kh1 Bf2 44. Nf3 Bxg3 45. Ng5+ Kf6 46. Nxh3 Be1 47. c4 Bxa5 48. cxd5 cxd5 49. Nf4 d4 50. Bf3 b5 51. Be4 Kg5 52. Nxg6 Bc7 53. Kg2 Bd6 54. Kh3 a5 55. Nh4 Kf4 56. Nf5 Bc5 57. Ng7 Ke3 0-1